| 000 | 00496nam a22001817a 4500 | ||
|---|---|---|---|
| 003 | CEME | ||
| 005 | 20210628201717.0 | ||
| 008 | 210204b xxu||||| |||| 00| 0 eng d | ||
| 020 | _a0-07-460313-2 | ||
| 040 | _c. | ||
| 082 | _a540 RAM | ||
| 100 |
_aRaman, K.V _956463 |
||
| 245 | _aGroup theory and its applicaitions to chemistry | ||
| 260 |
_aNEW DELHI _bTATA MCGRAW HILL _c2004 |
||
| 300 | _aXIX,201P | ||
| 650 |
_aGROUP THEORY AND ITS APPLICAITIONS TO CHEMISTRY _956464 |
||
| 942 |
_cBK _2ddc |
||
| 999 |
_c566870 _d566870 |
||